|
|
|
|
| LEADER |
00000naa0a2200000 4500 |
| 001 |
591110 |
| 005 |
20250822101126.0 |
| 035 |
|
|
|a (RuTPU)RU\TPU\tpu\1080
|
| 035 |
|
|
|a TPU00001080
|
| 090 |
|
|
|a 591110
|
| 100 |
|
|
|a 20011210d1961 k||y0rusy50 ca
|
| 101 |
0 |
|
|a rus
|
| 102 |
|
|
|a RU
|
| 200 |
1 |
|
|a Энергия образования F-центров в зависимости от химического состава
|f С. К. Сало
|
| 463 |
|
1 |
|t Конференция "Изменение свойств материалов под действием излучений"
|o Тезисы докладов и сообщений (21-23 ноября)
|v С. 43-44
|d 1961
|
| 610 |
1 |
|
|a физика
|
| 610 |
1 |
|
|a труды учёных ТПУ
|
| 700 |
|
1 |
|a Сало
|b С. К.
|
| 801 |
|
0 |
|a RU
|b 63413507
|c 20011210
|g PSBO
|
| 801 |
|
2 |
|a RU
|b 63413507
|c 20050921
|g PSBO
|
| 942 |
|
|
|c BK
|